Casas : (Registro nro. 8362)

Detalles MARC
000 -LEADER
campo de control de longitud fija 03167cam a2200529Mc 4500
003 - IDENTIFICADOR DE NÚMERO DE CONTROL
campo de control PE-LiUPU
005 - FECHA Y HORA DE LA ÚLTIMA TRANSACCIÓN
campo de control 20250731183340.0
008 - DATOS DE LONGITUD FIJA--INFORMACIÓN GENERAL
campo de control de longitud fija 140320s2013 sp a r 000 1 spa d
020 ## - NÚMERO INTERNACIONAL ESTÁNDAR DEL LIBRO
Número Internacional Estándar del Libro 8494003283
020 ## - NÚMERO INTERNACIONAL ESTÁNDAR DEL LIBRO
Número Internacional Estándar del Libro 9788494003288
035 ## - NÚMERO DE CONTROL DEL SISTEMA
Número de control de sistema (Sirsi) i9788494003288
040 ## - FUENTE DE CATALOGACIÓN
Centro catalogador/agencia de origen ESPLC
Lengua de catalogación spa
Centro/agencia transcriptor ESPLC
Centro/agencia modificador BNM
-- PE-LiUPU
Normas de descripción rda
041 1# - CÓDIGO DE IDIOMA
Código de lengua del texto/banda sonora o título independiente spa
Código de lengua original pol
049 ## - FONDOS LOCALES (OCLC)
Biblioteca depositaria PRUA
050 #4 - SIGNATURA TOPOGRÁFICA DE LA BIBLIOTECA DEL CONGRESO
Número de clasificación NA7120
Número de ítem M5918.2013
080 ## - NÚMERO DE LA CLASIFICACIÓN DECIMAL UNIVERSAL
Número de la Clasificación Decimal Universal 087.5:72
082 04 - NÚMERO DE LA CLASIFICACIÓN DECIMAL DEWEY
Número de clasificación 728
Cutter M66
Número de edición 22
100 1# - ENTRADA PRINCIPAL--NOMBRE DE PERSONA
Nombre de persona Mizielinska, Aleksandra,
Fechas asociadas al nombre 1982- ,
Término indicativo de función/relación autor.
245 10 - MENCIÓN DEL TÍTULO
Título Casas :
Resto del título confortables, atrevidas, singulares, atractivas, sorprendentes /
Mención de responsabilidad, etc. Aleksandra Mizieliński, Daniel Mizieliński, traducción Anna Gibert.
250 ## - MENCION DE EDICION
Mención de edición Primera edición.
264 #1 - PRODUCCIÓN, PUBLICACIÓN, DISTRIBUCIÓN, FABRICACIÓN Y COPYRIGHT
Producción, publicación, distribución, fabricación y copyright [Barcelona] :
Nombre del de productor, editor, distribuidor, fabricante Coco books,
Fecha de producción, publicación, distribución, fabricación o copyright 2013.
300 ## - DESCRIPCIÓN FÍSICA
Extensión 155 páginas :
Otras características físicas ilustraciones ;
Dimensiones 21 centímetros
336 ## - TIPO DE CONTENIDO
Término de tipo de contenido text
Fuente rdacontent
337 ## - TIPO DE MEDIO
Nombre/término del tipo de medio unmediated
Fuente rdamedia
338 ## - TIPO DE SOPORTE
Nombre/término del tipo de soporte volume
Fuente rdacarrier
505 0# - NOTA DE CONTENIDO CON FORMATO
Nota de contenido con formato Índice de casas en europa: Casa luna -- casa mariposa -- casa transparente -- Esfinges en el agua -- Casa pera -- Casas azules en el tejado -- La casa bajo un barril -- Casa de escaleras -- Casa ascensor -- Casa burbuja -- Casa vela -- Casa estrellada -- Casa tortuga -- Casa ovni -- casa enorme con pinchos -- casa hinchable -- casa tubería -- casa madriguera -- Casa mochila -- Casa iglú -- Casa con patas largas -- Casa madriguera -- Casa avellana -- Casa modular prefabricada -- Casa en el viento -- Casa en el fin del mundo -- Casa para los sintecho -- Casa contenedor -- Casa maleta -- Casa 4 x 4 -- Casa de arena -- Casa zigzag -- Casa oruga -- Casa huevo -- Casa para tomar el té.
520 ## - RESUMEN, ETC.
Sumario, etc. ¿Quién no ha jugado bajo una mesa imaginando que era su casa? ¡A todos los niños les gusta jugar a las cabañas?! En este libro encontraréis 35 obras arquitectónicas que parecen surgidas de la imaginación de un niño. Casas construidas por todo el mundo de arquitectos reconocidos, que han aportado ingenio, creatividad ilimita da y con ideas de bombero.
526 ## - NOTA DE INFORMACIÓN SOBRE EL PROGRAMA DE ESTUDIO
Nombre del programa Maestría Bim Facility Management (A distancia)
526 ## - NOTA DE INFORMACIÓN SOBRE EL PROGRAMA DE ESTUDIO
Nombre del programa
526 ## - NOTA DE INFORMACIÓN SOBRE EL PROGRAMA DE ESTUDIO
Nombre del programa Educación musical y artes
526 ## - NOTA DE INFORMACIÓN SOBRE EL PROGRAMA DE ESTUDIO
Nombre del programa Educación, especialidad educación física
526 ## - NOTA DE INFORMACIÓN SOBRE EL PROGRAMA DE ESTUDIO
Nombre del programa Arquitectura
534 ## - NOTA SOBRE LA VERSIÓN ORIGINAL
Frase introductoria Título original :
Mención de título del original D.O.M.E.K
541 ## - NOTA DE FUENTE DE ADQUISICIÓN DIRECTA
-- 003-001041;
586 ## - NOTA DE PREMIOS
Nota de premios Primer premio en Diseño gráfico en 2008 por Ibby, Polonia ; Primer premio de "Child-friendly World", Polonia; Premio 2010 Libro de Arquitectura por el DAM (Deutsches Architekturmuseum)
596 ## -
-- 1
650 #1 - PUNTO DE ACCESO ADICIONAL DE MATERIA--TÉRMINO DE MATERIA
Término de materia o nombre geográfico como elemento de entrada Arquitectura-
Subdivisión de forma Libros infantiles y juveniles.
650 #1 - PUNTO DE ACCESO ADICIONAL DE MATERIA--TÉRMINO DE MATERIA
Término de materia o nombre geográfico como elemento de entrada Casas-
Subdivisión de forma Libros infantiles y juveniles.
650 #7 - PUNTO DE ACCESO ADICIONAL DE MATERIA--TÉRMINO DE MATERIA
Término de materia o nombre geográfico como elemento de entrada Viviendas
Subdivisión de forma Libros infantiles.
Fuente del encabezamiento o término embne
700 1# - ENTRADA AGREGADA--NOMBRE PERSONAL
Nombre de persona Gibert, Anna,
Término indicativo de función/relación traductor.
700 1# - ENTRADA AGREGADA--NOMBRE PERSONAL
Nombre de persona Mizielinski, Daniel,
Término indicativo de función/relación autor.
910 ## - DATOS DE OPCIÓN DEL USUARIO (OCLC)
Datos de opción del usuario jck
--
-- aqs
-- 20150112
942 ## - ELEMENTOS DE ENTRADA SECUNDARIOS (KOHA)
Fuente del sistema de clasificación o colocación Clasificación Decimal Dewey
Tipo de ítem Koha
949 ## - PROCESAMIENTO DE INFORMACIÓN LOCAL (OCLC)
a 728 M66
w DEWEY
c 1
i 72375
l CCODEBUL1
m BUL
p 24.49
r 0
s Y
t BOOK
u 2016-1-11
x INGENIERIA
-- P06
0 COMPRA
o .STAFF. Colección General
994 ## -
-- C0
-- PEPRU
999 ## - NÚMEROS DE CONTROL DE SISTEMA (KOHA)
-- DEWEY
-- 72375
-- 2019-4-14
-- 2021-11-30
-- 8
-- CCODEBUL1
-- BUL
-- 7
-- 24.49
-- 4
-- 0
-- Y
-- BOOK
-- 2016-1-11
-- INGENIERIA
-- P06
-- COMPRA
-- .STAFF. Colección General
980 ## - EQUIVALENCIA O REFERENCIA-CRUZADA-MENCIÓN DE SERIE--NOMBRE DE PERSONA/TÍTULO [LOCAL, CANADÁ]
ID del último usuario que modificó el registro 1
Nombre del último usuario que modificó el registro ALBERTO SANCHEZ Responsable de Automatización
Existencias
Visto por última vez Número de inventario Total de préstamos Signatura topográfica completa Código de barras Fecha del último préstamo Copia número Coste, precio de reemplazo Fecha de reemplazo Facultad Tipo de ítem Koha Nota pública Estado de pérdida Fuente del sistema de clasificación o colocación Restricciones de uso No para préstamo Colección Programa académico Biblioteca de origen Biblioteca actual Ubicación en estantería Fecha de adquisición Fuente de adquisición Coste, precio normal de compra
2025-12-03 9 7 728 M66 72375 2019-04-14 e1 29.49 2016-01-11 FIA Libros físicos inventario-2023-12-13 No Perdido Clasificación Decimal Dewey No restringido Disponible para préstamos Colección General Arquitectura Biblioteca CRAI UPeU Lima Biblioteca CRAI UPeU Lima Sala principal 2016-01-11 COMPRA 24.49